Quick Pick: 'C' Literature Quiz Stats

 Plays Quiz Updated Sep 30, 2017

Challenge
Share
Tweet
Embed
Score 0/10 Timer 01:00
0 Plays Today
% Correct
Crime and Punishment
89.6%
Charlotte's Web
86.2%
Catch-22
85.4%
Cat on a Hot Tin Roof
85.2%
Candide
80.4%
Cannery Row
71.9%
Cat's Cradle
64.2%
Cold Mountain
59.7%
Coraline
56.5%
Chitty-Chitty-Bang-Bang
56.2%

Today's Daily Dose

Word Ladder
Anchorman

Get the Picture
'Head' Bands

You're not logged in!

Compare scores with friends on all Sporcle quizzes.
OR
Log In

You Might Also Like...

Show Comments

Extras

Top Quizzes Today


Score Distribution

Your Account Isn't Verified!

In order to create a playlist on Sporcle, you need to verify the email address you used during registration. Go to your Sporcle Settings to finish the process.

Report this User

Report this user for behavior that violates our Community Guidelines.

Details: